Rent Control

Bibliographic Details
Main Author: Albon, Robert
Other Authors: Stafford, David C
Format: Book
Published: London, New York : Croom Helm , 1987
Subjects:

MARC

LEADER 00000cam a2200000 7i4500
001 0000001635
005 20050430.0
020 |a 0709954115 
040 |a INS 
090 0 0 |a HD7288.85.G7   |b A4 1987 
100 1 |a Albon, Robert 
245 1 0 |a Rent Control   |c Robert Albon & David C. Stafford 
260 |a London, New York :   |b Croom Helm ,   |c 1987 
500 |a Includes index 
650 0 0 |a Rent Control 
650 0 0 |a Rent Control   |z Great Britain 
700 1 |a Stafford, David C 
999 |a 0000003467   |b BOOK   |c Open Shelf   |e Default branch